书目信息 |
| 题名: |
电力系统微机继电保护
|
|
| 作者: | 高亮 编 | |
| 分册: | ||
| 出版信息: | 北京 中国电力出版社 2020.8 |
|
| 页数: | 254页 | |
| 开本: | 26cm | |
| 丛书名: | ||
| 单 册: | ||
| 中图分类: | TM77 | |
| 科图分类: | ||
| 主题词: | 微型计算机--计算机应用--电力系统--继电保护--高等学校--教材 | |
| 电子资源: | ||
| ISBN: | 978-7-5198-1771-8 | |
| 000 | 00866nam0 2200253 45 | |
| 001 | 012001001734 | |
| 005 | 20211013152256.53 | |
| 010 | @a978-7-5198-1771-8@dCNY40.00 | |
| 100 | @a20180703d2018 em y0chiy50 ea | |
| 101 | 0 | @achi |
| 102 | @aCN@b110000 | |
| 105 | @ay z 000yy | |
| 106 | @ar | |
| 200 | 1 | @a电力系统微机继电保护@Adian li xi tong wei ji ji dian bao hu@b专著@f高亮编 |
| 205 | @a2版 | |
| 210 | @a北京@c中国电力出版社@d2020.8 | |
| 215 | @a254页@d26cm | |
| 300 | @a“十三五”普通高等教育本科规划教材 | |
| 330 | @a本书共八章,内容包括:微机继电保护装置硬件原理、微机继电保护软件原理、中低压线路微机继电保护原理、高压输电线路微机继电保护原理等。 | |
| 606 | 0 | @a微型计算机@x计算机应用@x电力系统@x继电保护@x高等学校@j教材 |
| 690 | @aTM77@v5 | |
| 701 | 0 | @a高亮@Agao liang@4编 |
| 801 | 0 | @aCN@bBJSDL@c20211011 |
| 905 | @b1337005-8@dTM77@e12=2@f4 | |
| 电力系统微机继电保护/高亮编.-2版.-北京:中国电力出版社,2020.8 |
| 254页;26cm |
| “十三五”普通高等教育本科规划教材 |
| ISBN 978-7-5198-1771-8:CNY40.00 |
| 本书共八章,内容包括:微机继电保护装置硬件原理、微机继电保护软件原理、中低压线路微机继电保护原理、高压输电线路微机继电保护原理等。 |
| ● |
| 相关链接 |
|
|
|
|
正题名:电力系统微机继电保护
索取号:TM77/12=2
 
预约/预借
| 序号 | 登录号 | 条形码 | 馆藏地/架位号 | 状态 | 备注 |
| 1 | 1337005 | 213370056 | 第二样本阅览室/ [索取号:TM77/12=2] | 在馆 | |
| 2 | 1337006 | 213370065 | 第三借阅区/ [索取号:TM77/12=2] | 在馆 | |
| 3 | 1337007 | 213370074 | 第三借阅区/ [索取号:TM77/12=2] | 在馆 | |
| 4 | 1337008 | 213370083 | 第三借阅区/ [索取号:TM77/12=2] | 在馆 |